000 00649nam a2200241Ia 4500
003 OSt
005 20221005123016.0
006 a|||||r|||| 00| 0
007 ta
008 221004b |||||||| |||| 00| 0 mal d
024 _a62417
037 _cTextual
040 _aCRL
_cCRL
_bmal
041 _2mal
_amal
082 _aO32,2N,1, J0
100 _aMenone Kalpana Krishna Au.
_9632984
245 0 _aKerala Verma Pazhvsi Raja
260 _c1950
650 _a MALAYALAM LITERATURE
_938866
650 _aMALAYALAM DRAMA
_9207189
942 _hO32,2N,1, J0
_cTEXL
_2cc
999 _c1046106
_d1046106